| 000 | 00540nam a2200193 i 4500 | ||
|---|---|---|---|
| 001 | bgj | ||
| 245 | 1 | 0 |
_aVon Buch zu Buch, Günter Grass in der Kritik : _beine Dokumentation / _chrsg. von Gert Loschütz. |
| 260 |
_aNeuwied ; _aBerlin : _bLuchterhand, _c1968. |
||
| 300 |
_a239 s. ; _c20 cm. |
||
| 504 | _aBibliogr. s. 233-237. | ||
| 650 | 9 | _aLiteratura niemiecka | |
| 700 | 1 | _aLOSCHÜTZ, Gert. | |
| 040 | _cBPK | ||
| 041 | 0 | _ager | |
| 044 | _aDEU | ||
| 080 | _a821.112.2 | ||
| 942 | _cKS | ||
| 008 | s gw f |000 0 ger | ||
| 999 |
_c50374 _d50374 |
||
| 856 |
_uhttp://koha.tu.koszalin.pl/cgi-bin/koha/opac-detail.pl?biblionumber=50374 _yKatalog online BPK |
||